| 000 | 00603nam a2200181Ia 4500 | ||
|---|---|---|---|
| 008 | 090630s9999 xx 000 0 und d | ||
| 082 | _b13325 | ||
| 100 | _aव्हटकर अशोक. | ||
| 245 |
_aअजिंक्य आंबी. _cव्हटकर अशोक. |
||
| 260 |
_bसुयोग - पुणे. _c1994 |
||
| 300 | _a176 | ||
| 600 | _aव्हटकर अशोक. | ||
| 630 | _aअजिंक्य आंबी. | ||
| 655 | _aकादंबरी. | ||
| 700 | _aव्हटकर अशोक. | ||
| 730 | _aअजिंक्य आंबी. | ||
| 942 | _cBOOK | ||
| 999 |
_c265181 _d265181 |
||